Music Quiz

Random Music or Song Quiz

One Named Musicians Quiz Stats

 Plays Quiz Updated Nov 22, 2016

Also try: Name That Musician
Challenge
Share
Tweet
Embed
Score 0/28 Timer 07:00
4 Plays Today
Song Name % Correct
Like a VirginMadonna
94.6%
The Real Slim ShadyEminem
94.1%
Purple RainPrince
81.7%
Kiss From a RoseSeal
62.6%
If I Could Turn Back TimeCher
60.3%
Hotline BlingDrake
60.3%
Whenever, WhereverShakira
57.9%
Gangsta's ParadiseCoolio
55.4%
Big Girls Don't CryFergie
54%
It Wasn't MeShaggy
50.7%
M!ssundaztoodP!nk
47.1%
LoserBeck
45.7%
U Got It BadUsher
40.3%
Who Will Save Your SoulJewel
36.7%
Song Name % Correct
Pon de ReplayRihanna
34.9%
If I Ever Lose My Faith In YouSting
30.9%
Orinoco Flow (Sail Away)Enya
26.2%
1234Feist
21.2%
How Do U Want ItTupac
21.2%
Rock Me AmadeusFalco
19.9%
Southern HospitalityLudacris
17.9%
FoolishAshanti
13.6%
Big Time SensualityBjörk
8.8%
I Care 4 UAaliyah
8.7%
By Your SideSade
8.2%
SantoriniYanni
4.8%
Move (You Make Me Feel So Good)Moby
3.3%
Ave Maria or I'll Be Seeing YouLiberace
1%

You're not logged in!

Compare scores with friends on all Sporcle quizzes.
OR
Log In

You Might Also Like...

Show Comments

Extras

Top Quizzes Today


Score Distribution

Your Account Isn't Verified!

In order to create a playlist on Sporcle, you need to verify the email address you used during registration. Go to your Sporcle Settings to finish the process.

Report this User

Report this user for behavior that violates our Community Guidelines.

Details: